000 nam a22 7a 4500
999 _c49458
_d49458
003 OSt
005 20191215133009.0
008 191215b xxu||||| |||| 00| 0 eng d
040 _cIIMT UNIVERISTY MEERUT
_dSEROSOFT
100 _aTANWAR YS
245 _aPHARMACEUTICAL DOSAGE FORM DESING
_cAUTHOR
_hENGLISH
260 _aJAYPEE
_cNEW DELHI
300 _aPAPERBACK
_b643PP
760 _bFIRST ED2016
856 _3PAPERBACK
887 _2TITEL
942 _2ddc
_c01
_eFIRST ED2016
_h615.19TAN
_m615.19TAN